|
|
|
|
| LEADER |
00000cam a2200000 7i4500 |
| 001 |
0000002777 |
| 005 |
20040108.0 |
| 020 |
0 |
0 |
|a 3880850658
|
| 090 |
0 |
0 |
|a 634.425096762
|b LIP 1978
|
| 100 |
1 |
0 |
|a LIPPMANN
|h Dieter
|
| 245 |
1 |
0 |
|a Cultivation of passiflora edulis S. :
|b general information on passion fruit growing in Kenya
|c Dieter Lippmann
|
| 260 |
0 |
0 |
|a Eschborn :
|b German Agency for Technical Cooperation ,
|c 1978
|
| 300 |
|
|
|a 88 p. :
|b ill. ;
|c 21 cm.
|
| 650 |
0 |
0 |
|a Passion fruit
|x Planting
|z Kenya
|
| 998 |
|
|
|a JPSM
|
| 999 |
|
|
|a 0000003778
|b Monograph
|c Open Shelf
|e Default branch
|